Estatuto del centro de estudiantes de la escuela normal superior

Guardado en:
Formato: Libro
Publicado: Bahía Blanca : Centro de Estudiantes
Etiquetas: Agregar Etiqueta
Sin Etiquetas, Sea el primero en etiquetar este registro!
LEADER 00388nam a22001215a 4500
001 CEM.cems012085
005 20060418000000.0
008 130507b######################000#0#####d
003 CEMS
082 0 4 |a F370 
245 0 0 |a Estatuto del centro de estudiantes de la escuela normal superior 
260 |a Bahía Blanca :  |b Centro de Estudiantes 
859 |a CEMS  |b BIB. CEMS - 11 de abril  |h F370  |i 16-4  |p 2110.44  |t Ej.1  |v 2  |3 2